[Event "ESP-chT Primera Division 2019"]
[Site "Linares"]
[Date "2019.08.30"]
[Round "5.12"]
[White "Garcia-Castany Musellas, Gal.la"]
[Black "Bermudez Revuelta, Paula"]
[Result "1-0"]
[WhiteElo "2149"]
[BlackElo "1702"]
[Annotator "NA"]
[PlyCount "49"]
[EventDate "2019.08.26"]
[EventType "team-tourn"]
[EventCountry "ESP"]
[SourceTitle "playchess.com"]
[Source "ChessBase"]
[SourceQuality "1"]
[TimeControl "5400+30"]

1. e4 {[%emt 0:00:00]} c5 {[%emt 0:00:00]} 2. Nf3 {[%emt 0:00:00]} d6 {[%emt 0:00:00]} 3. d4 {[%emt 0:00:08]} cxd4 {[%emt 0:00:00]} 4. Qxd4 {[%emt 0:00:14]} Nc6 {[%emt 0:00:00]} 5. Bb5 {[%emt 0:00:23]} Bd7 {[%emt 0:00:00]} 6. Qd3 {[%emt 0:00:32]} Nf6 {[%emt 0:00:12]} 7. Nc3 {[%emt 0:00:42]} e6 {[%emt 0:00:31]} 8. Bf4 {[%emt 0:02:33]} a6 {[%emt 0:05:18]} 9. Bxc6 {[%emt 0:02:19]} Bxc6 {[%emt 0:00:02]} 10. O-O-O {[%emt 0:01:56]} Be7 {[%emt 0:05:16]} 11. Rhe1 {[%emt 0:03:05]} d5 {[%emt 0:08:59]} 12. e5 {[%emt 0:10:37]} Nd7 {[%emt 0:02:04]} 13. Nd4 {[%emt 0:04:00]} Bg5 {[%emt 0:03:11]} 14. Qg3 {[%emt 0:04:05]} Bxf4+ {[%emt 0:01:09]} 15. Qxf4 {[%emt 0:00:18]} Rc8 {[%emt 0:08:50]} 16. Qg4 {[%emt 0:20:55]} O-O {[%emt 0:04:45]} 17. Rd3 {[%emt 0:05:32]} Kh8 {[%emt 0:11:06]} 18. Rg3 {[%emt 0:07:46]} Rg8 {[%emt 0:05:03]} 19. Rh3 {[%emt 0:07:51]} Rf8 {[%emt 0:04:37]} 20. Ree3 {[%emt 0:02:57]} Qe7 {[%emt 0:05:25]} 21. Reg3 {[%emt 0:05:48]} f5 {[%emt 0:05:59]} 22. Qg6 {[%emt 0:04:46]} h6 {[%emt 0:01:17]} 23. f4 {[%emt 0:01:33]} Nc5 {[%emt 0:00:55]} 24. b4 {[%emt 0:05:00]} Be8 {[%emt 0:02:11]} 25. Rxh6+ {[%emt 0:00:10]} 1-0

[Event "ESP-chT Primera Division 2019"]
[Site "Linares"]
[Date "2019.08.30"]
[Round "5.13"]
[White "Kokarev, Dmitry"]
[Black "Vallejo Pons, Francisco"]
[Result "0-1"]
[WhiteElo "2598"]
[BlackElo "2678"]
[Annotator "TA"]
[PlyCount "80"]
[EventDate "2019.08.26"]
[EventType "team-tourn"]
[EventCountry "ESP"]
[SourceTitle "playchess.com"]
[Source "ChessBase"]
[SourceQuality "1"]

{[%evp 9,80,18,20,19,26,20,22,26,18,10,24,14,18,22,21,0,27,11,11,0,26,-17,-21,-22,-19,-58,-56,-55,-46,-51,-30,-41,-7,-22,36,20,30,-23,0,0,0,0,0,-26,0,0,0,0,0,0,0,-210,-142,-419,-402,-347,-92,-114,-115,-115,-118,-134,-118,-143,-142,-265,-264,-261,-243,-363,-454,-410,-400]} 1. e4 e5 2. Nf3 Nc6 3. Bb5 Nf6 4. d3 Bc5 5. Bxc6 dxc6 6. O-O {C65: Ruy Lopez: Berlin Defence (3...Nf6), unusual lines and 4 0-0 Bc5} Qe7 7. Nbd2 Bg4 8. h3 {The position is equal.} Bh5 9. a3 a5 10. Nc4 Nd7 11. g4 Bg6 12. b4 $1 {[%cal Rb4c5]} Bb6 13. Bg5 $146 ({Predecessor:} 13. bxa5 Bxa5 {1-0 (45) Caruana,F (2828)-Xiong,J (2663) Saint Louis 2019}) 13... f6 14. Bd2 {[%cal Rc4a5]} Bf7 15. bxa5 Bc5 16. Ne3 Bxe3 17. fxe3 h5 $1 18. Kf2 hxg4 19. hxg4 Be6 20. Rg1 Nf8 {[%mdl 1024] Black has compensation.} 21. Qb1 Ra7 (21... O-O-O $11) 22. Qb2 g5 23. Rg3 (23. d4 $142) 23... Ng6 24. Rag1 c5 25. Qb1 Qd7 26. Rh1 (26. d4 $5) 26... Bxg4 27. Rxh8+ Nxh8 28. Qh1 Nf7 29. Qh7 Ke7 30. Nh2 $2 (30. Bc3 $1 $11) 30... Be6 {aiming for ...Qa4.} 31. Nf1 $2 {[%mdl 8192]} (31. Qg8 $17) 31... Ra8 $19 32. Qg7 {Rf3 would now be nice for White.} Qd8 $2 (32... Rh8 $19 {has better winning chances. And now ...Qa4 would win.} 33. d4 exd4) 33. Rg1 Qh8 34. Qxh8 Rxh8 35. c4 g4 36. Ng3 {[#]} Ng5 $1 {[%cal Rg5h3] Threatens to win with ...Nh3+.} 37. Rh1 (37. Rg2 $17) 37... Rxh1 38. Nxh1 {[#]} Bxc4 $1 {[%mdl 512]} 39. Kg3 (39. dxc4 {keeps fighting.} Nxe4+ {[%mdl 64] Double Attack} 40. Ke2) 39... Bxd3 40. Nf2 Be2 {Accuracy: White = 41%, Black = 63%.} 0-1

[Event "ESP-chT Primera Division 2019"]
[Site "Linares"]
[Date "2019.08.30"]
[Round "5.14"]
[White "Alekseenko, Kirill"]
[Black "Volkov, Sergey"]
[Result "1-0"]
[WhiteElo "2668"]
[BlackElo "2547"]
[Annotator "TA"]
[PlyCount "103"]
[EventDate "2019.08.26"]
[EventType "team-tourn"]
[EventCountry "ESP"]
[SourceTitle "playchess.com"]
[Source "ChessBase"]
[SourceQuality "1"]

{[%evp 14,103,14,5,19,-12,-2,-17,-1,0,4,6,10,7,12,16,16,19,24,-4,0,-13,-3,-8,0,-14,-21,-29,-22,-66,-25,-28,-15,-18,25,-72,-29,-66,-63,-52,-41,-60,-54,-88,-87,-68,-76,-69,-66,-97,-94,-81,-70,-118,-75,-75,-75,-139,-139,-118,-106,-106,-107,-104,0,-102,-96,-119,45,47,37,54,8,0,0,0,119,50,44,0,0,0,335,335,437,357,1512,1443,29997,29998,29998,29999]} 1. e4 e6 2. d4 d5 3. Nd2 Nf6 4. e5 Nfd7 5. f4 c5 6. c3 Nc6 {[%cal Bb8c6,Bc6a5,Ba5b3][%mdl 32]} 7. Ndf3 Qb6 8. a3 c4 {C05: French Tarrasch: 3...Nf6 4 e5 Nfd7, 5 f4 and 5 Bd3 sidelines} (8... Be7 9. b4 cxd4 10. cxd4 f6 11. Bd3 O-O 12. Ne2 fxe5 13. dxe5 a5 14. b5 Ncxe5 15. Nxe5 Nxe5 16. fxe5 Qf2+ {½-½ (30) Nyzhnyk,I (2627)-Huschenbeth,N (2546) Cleveland 2015}) 9. h4 Na5 10. h5 $146 ({Predecessor:} 10. Nh3 Qc7 11. Be2 Nb6 12. O-O Bd7 13. f5 exf5 14. Nfg5 O-O-O 15. Qe1 Be6 16. Nf4 {½-½ (34) Williams,S (2496)-Quillan,G (2339) Liverpool 2008}) 10... Nb3 {The position is equal.} 11. Rb1 Nxc1 (11... Nb8 {feels hotter.} 12. Be3 Bd7 13. g4 Nc6 14. Ne2 O-O-O) 12. Qxc1 Qc6 13. g4 Nb6 14. Ne2 Bd7 15. Bh3 h6 16. Kf2 O-O-O 17. Qc2 Kb8 18. g5 hxg5 19. Nxg5 Be8 20. Bg4 Be7 21. Ng1 Na8 22. N1f3 Nc7 23. h6 gxh6 24. Rbe1 (24. Nh7 $1 $11) 24... Qb6 25. Qb1 a6 26. Rh2 Ka7 27. Reh1 Bf8 $36 {[%mdl 2048] Black has the initiative.} 28. Kg3 Rg8 29. Rxh6 Bxh6 30. Rxh6 Rg6 31. Rh8 Rb8 32. Qc1 Rg7 33. Bh5 Qb5 34. Nh2 Qd7 35. Bd1 ({White should play} 35. Qb1) 35... Qe7 $17 36. Ng4 Bd7 37. Rh6 Rf8 38. Bc2 Rgg8 (38... Qd8 $17 {Hoping for ...Ne8.} 39. Kf3 Ne8) 39. Rh7 (39. Nf6 $11) 39... Ne8 40. Qh1 Rxg5 $2 (40... Bc6 $17 41. Kf3 Kb6) 41. fxg5 $14 Qxg5 {[#] Threatens to win with ...f5.} 42. Qh6 Qg8 43. Kh4 Kb6 44. Qf4 {aiming for Qf2.} Ka5 {[#]} (44... Ba4 $1 $11 {remains equal.} 45. Nh6 {[%mdl 64] Double Attack} Qg1 46. Bxa4 Qh1+ 47. Kg3 Qg1+ 48. Kf3 Qf1+ 49. Kg4 f5+ 50. Kg3 Qg1+ 51. Kf3 Qf1+ 52. Kg3 Qg1+ 53. Kf3 Qf1+ 54. Kg3) 45. Qf2 (45. Qf1 $1 $16 {Nh6 is the strong threat.} f5 46. exf6) 45... Ba4 $1 {[%cal Ra4c2]} 46. Bb1 {And now Nh6 would win.} (46. Nh6 $5 {[%cal Rh6g8]} Bxc2 47. Nxg8 Bxh7 48. Nh6 $14) 46... f5 {[%csl Gf5][%cal Rg8g4]} 47. exf6 Nxf6 $4 {[%mdl 8192]} (47... Bd1 $11 48. Nh6 Rxf6 49. Qxf6 (49. Nxg8 Rxf2 50. Rxb7 Nd6 $17) 49... Nxf6 50. Nxg8 Nxh7) 48. Nxf6 $18 Bd1 {White must now prevent ...Rxf6!} 49. b4+ cxb3 $2 (49... Ka4 50. Bc2+ (50. Nxg8 Rxf2 51. Rxb7 Rf4+ 52. Kh3 Kxa3 $11) 50... Kxa3) 50. Qd2 {c4+ would kill now.} (50. Nxg8 $2 {loses.} Rxf2 51. Rxb7 Rf4+ 52. Kg3 Rg4+ {[%mdl 64] Double Attack} 53. Kf2 Rxg8 $19) 50... Rxf6 51. c4+ $1 Kb6 52. Qb4+ {Accuracy: White = 43%, Black = 42%.} 1-0

[Event "ESP-chT Primera Division 2019"]
[Site "Linares"]
[Date "2019.08.30"]
[Round "5.15"]
[White "Cuenca Jimenez, Jose Fernando"]
[Black "Sarana, Alexey"]
[Result "1/2-1/2"]
[WhiteElo "2515"]
[BlackElo "2655"]
[Annotator "TA"]
[PlyCount "119"]
[EventDate "2019.08.26"]
[EventType "team-tourn"]
[EventCountry "ESP"]
[SourceTitle "playchess.com"]
[Source "ChessBase"]
[SourceQuality "1"]

{[%evp 18,119,0,12,8,0,8,0,31,0,0,0,9,10,18,16,21,0,11,14,13,14,16,12,21,15,16,12,12,12,21,12,8,8,10,6,6,4,7,0,0,0,0,0,1,0,0,0,0,0,0,0,0,0,0,0,0,0,0,0,0,0,0,0,0,0,0,0,0,0,0,0,0,0,0,0,0,0,0,0,0,0,0,0,0,0,8,8,8,8,8,8,8,8,8,8,8,8,8,8,8,8,8,70]} 1. d4 Nf6 2. c4 e6 3. Nf3 d5 4. g3 Bb4+ 5. Bd2 Be7 6. Bg2 c6 7. O-O O-O 8. Qc2 Nbd7 9. Bf4 $146 ({Predecessor:} 9. Rd1 b6 {1-0 (45) Gupta,A (2602)-Sargissian,G (2689) Sharjah 2019}) 9... b6 10. Rd1 Ba6 {E08: Closed Catalan: Main Line: 7 Qc2} 11. Ne5 Rc8 12. cxd5 Nxd5 13. Nc3 (13. Nxc6 $5 {[%cal Rg2d5]} N7f6 14. Qa4 Rxc6 15. Qxc6 Nxf4 16. gxf4 Bxe2 17. Rd2 $11) 13... Nxe5 {The position is equal.} 14. Bxe5 Nxc3 15. bxc3 Bc4 16. Be4 h6 17. Bh7+ Kh8 18. Bd3 Bxd3 19. Rxd3 Qd7 20. c4 Kg8 21. Rad1 Rfd8 22. Qb3 Qb7 23. e4 Qa6 24. a4 (24. Bf4 {with more complications.} Qb7 25. a4 Rd7 26. Be3 Rcd8 27. Kg2) 24... Bd6 25. Bxd6 Rxd6 26. Kg2 Rcd8 27. R1d2 Qa5 28. d5 exd5 29. cxd5 cxd5 30. exd5 Qa6 31. h4 Qb7 32. Rd4 Qd7 33. Qf3 Re8 34. Re4 Rd8 35. Red4 Qb7 36. Qe4 h5 37. Qf3 g6 38. R2d3 Qd7 39. Rd2 Qc8 40. g4 hxg4 41. Rxg4 Qd7 {[%cal Rd6d5]} 42. h5 Rxd5 43. Rxd5 Qxd5 44. hxg6 Qxf3+ 45. Kxf3 $11 {[%mdl 4096] Endgame KR-KR} f6 46. Rh4 a6 47. Rh7 Rd4 48. Rf7 Rxa4 49. Rxf6 b5 50. Kg3 Kg7 51. Rb6 Ra1 52. Kg4 {[#] Black must now prevent Kf5.} b4 53. f4 b3 54. f5 Rg1+ 55. Kf4 Rf1+ 56. Ke5 {[#] Hoping for Rb7+.} Re1+ 57. Kd4 {Threatens to win with Rb7+.} Rd1+ 58. Kc3 {Rb7+ is the strong threat.} Rf1 59. Rb7+ Kg8 60. Rb8+ {Accuracy: White = 73%, Black = 85%.} (60. Rf7 $11 Rf3+ 61. Kd4) 1/2-1/2

[Event "ESP-chT Primera Division 2019"]
[Site "Linares"]
[Date "2019.08.30"]
[Round "5.16"]
[White "Arizmendi Martinez, Julen Luis"]
[Black "Alshameary Puente, Ismael"]
[Result "1-0"]
[WhiteElo "2512"]
[BlackElo "2444"]
[Annotator "ChessBase"]
[PlyCount "63"]
[EventDate "2019.08.26"]
[EventType "team-tourn"]
[EventCountry "ESP"]
[SourceTitle "playchess.com"]
[Source "ChessBase"]
[SourceQuality "1"]
[TimeControl "5400+30"]

1. d4 {[%emt 0:02:25]} Nf6 {[%emt 0:00:00]} 2. c4 {[%emt 0:00:08]} b6 {[%emt 0:00:00]} 3. Nc3 {[%emt 0:05:58]} Bb7 {[%emt 0:00:01]} 4. d5 {[%emt 0:06:01]} e6 {[%emt 0:03:09]} 5. a3 {[%emt 0:05:39]} exd5 {[%emt 0:13:13]} 6. cxd5 {[%emt 0:00:24]} Bc5 {[%emt 0:00:07]} 7. g3 {[%emt 0:16:40]} b5 {[%emt 0:14:14]} 8. Bg2 {[%emt 0:04:59]} a6 {[%emt 0:02:50]} 9. e4 {[%emt 0:07:43]} O-O {[%emt 0:02:17]} 10. Nge2 {[%emt 0:01:05]} d6 {[%emt 0:10:55]} 11. O-O {[%emt 0:01:59]} c6 {[%emt 0:01:23]} 12. b4 {[%emt 0:20:32]} Bb6 {[%emt 0:01:35]} 13. Nd4 {[%emt 0:00:21]} cxd5 {[%emt 0:21:44]} 14. exd5 {[%emt 0:00:17]} Qc7 {[%emt 0:03:34]} 15. Bb2 {[%emt 0:04:49]} Nbd7 {[%emt 0:08:34]} 16. Rc1 {[%emt 0:00:54]} Bxd4 {[%emt 0:01:15]} 17. Qxd4 {[%emt 0:02:19]} Qb6 {[%emt 0:00:08]} 18. Ne4 {[%emt 0:09:06]} Qxd4 {[%emt 0:02:47]} 19. Bxd4 {[%emt 0:00:02]} Nxe4 {[%emt 0:01:08]} 20. Bxe4 {[%emt 0:00:02]} Rfe8 {[%emt 0:07:20]} 21. f3 {[%emt 0:02:50]} Rac8 {[%emt 0:01:20]} 22. Bf5 {[%emt 0:00:45]} Rxc1 {[%emt 0:00:42]} 23. Rxc1 {[%emt 0:00:02]} Ne5 {[%emt 0:00:06]} 24. Bxe5 {[%emt 0:00:40]} Rxe5 {[%emt 0:01:23]} 25. Bd7 {[%emt 0:02:16]} Kf8 {[%emt 0:01:17]} 26. Bc6 {[%emt 0:00:46]} Bxc6 {[%emt 0:01:02]} 27. dxc6 {[%emt 0:02:39]} Re8 {[%emt 0:00:01]} 28. Rd1 {[%emt 0:02:01]} Ke7 {[%emt 0:00:11]} 29. Re1+ {[%emt 0:00:13]} Kf8 {[%emt 0:00:01]} 30. Rd1 {[%emt 0:00:14]} Ke7 {[%emt 0:00:02]} 31. Re1+ {[%emt 0:00:46]} Kf8 {[%emt 0:00:02]} 32. Rd1 1-0

[Event "ESP-chT Primera Division 2019"]
[Site "Linares"]
[Date "2019.08.30"]
[Round "5.17"]
[White "Cori T., Deysi"]
[Black "Llobell Cortell, Enrique"]
[Result "1/2-1/2"]
[WhiteElo "2400"]
[BlackElo "2400"]
[Annotator "NA"]
[PlyCount "60"]
[EventDate "2019.08.26"]
[EventType "team-tourn"]
[EventCountry "ESP"]
[SourceTitle "playchess.com"]
[Source "ChessBase"]
[SourceQuality "1"]
[TimeControl "5400+30"]

1. d4 {[%emt 0:00:00]} Nf6 {[%emt 0:00:12]} 2. Nf3 {[%emt 0:00:00]} d5 {[%emt 0:01:34]} 3. c4 {[%emt 0:00:18]} e6 {[%emt 0:00:59]} 4. e3 {[%emt 0:02:05]} a6 {[%emt 0:01:32]} 5. c5 {[%emt 0:08:30]} b6 {[%emt 0:06:42]} 6. cxb6 {[%emt 0:06:54]} c5 {[%emt 0:16:05]} 7. Nc3 {[%emt 0:01:00]} cxd4 {[%emt 0:10:56]} 8. Nxd4 {[%emt 0:07:54]} Qxb6 {[%emt 0:03:28]} 9. Bd2 {[%emt 0:00:58]} Nbd7 {[%emt 0:13:32]} 10. Rc1 {[%emt 0:09:36]} Bd6 {[%emt 0:10:43]} 11. Na4 {[%emt 0:02:34]} Qb7 {[%emt 0:07:38]} 12. Nc6 {[%emt 0:05:11]} O-O {[%emt 0:01:22]} 13. Bd3 {[%emt 0:01:52]} Nb6 {[%emt 0:07:59]} 14. Nxb6 {[%emt 0:09:00]} Qxb6 {[%emt 0:00:13]} 15. Bc3 {[%emt 0:00:38]} Nd7 {[%emt 0:11:34]} 16. Bd4 {[%emt 0:23:20]} Qb7 {[%emt 0:00:02]} 17. f4 {[%emt 0:00:09]} Re8 {[%emt 0:02:06]} 18. O-O {[%emt 0:03:08]} Nf8 {[%emt 0:00:02]} 19. Qh5 {[%emt 0:07:33]} Bd7 {[%emt 0:01:25]} 20. Ne5 {[%emt 0:00:03]} Bb5 {[%emt 0:00:26]} 21. Bxb5 {[%emt 0:01:12]} axb5 {[%emt 0:00:01]} 22. a3 {[%emt 0:04:43]} f6 {[%emt 0:00:02]} 23. Nd3 {[%emt 0:00:42]} Rac8 {[%emt 0:01:09]} 24. Qg4 {[%emt 0:00:32]} Qf7 {[%emt 0:00:22]} 25. h3 {[%emt 0:00:39]} Rc4 {[%emt 0:00:37]} 26. Rc3 {[%emt 0:02:49]} Rec8 {[%emt 0:00:43]} 27. Rb3 {[%emt 0:00:02]} Rb8 {[%emt 0:00:27]} 28. Qf3 {[%emt 0:00:59]} Kh8 {[%emt 0:00:07]} 29. Kh1 {[%emt 0:01:04]} Nd7 {[%emt 0:00:01]} 30. Qe2 {[%emt 0:00:21]} Qg6 {[%emt 0:00:13]} 1/2-1/2

[Event "ESP-chT Primera Division 2019"]
[Site "Linares"]
[Date "2019.08.30"]
[Round "5.18"]
[White "Garcia Martin, Marta"]
[Black "Antunez Munoz, Ines"]
[Result "1-0"]
[WhiteElo "2313"]
[BlackElo "1891"]
[Annotator "NA"]
[PlyCount "87"]
[EventDate "2019.08.26"]
[EventType "team-tourn"]
[EventCountry "ESP"]
[SourceTitle "playchess.com"]
[Source "ChessBase"]
[SourceQuality "1"]
[TimeControl "5400+30"]

1. e4 {[%emt 0:00:00]} e6 {[%emt 0:00:00]} 2. d4 {[%emt 0:00:04]} d5 {[%emt 0:00:00]} 3. Nd2 {[%emt 0:00:59]} Be7 {[%emt 0:00:16]} 4. Bd3 {[%emt 0:07:28]} c5 {[%emt 0:01:00]} 5. dxc5 {[%emt 0:00:09]} Nf6 {[%emt 0:00:49]} 6. Qe2 {[%emt 0:00:36]} O-O {[%emt 0:01:28]} 7. Ngf3 {[%emt 0:00:23]} a5 {[%emt 0:00:50]} 8. c3 {[%emt 0:04:25]} Na6 {[%emt 0:01:59]} 9. e5 {[%emt 0:00:12]} Nd7 {[%emt 0:00:13]} 10. h4 {[%emt 0:11:32]} f5 {[%emt 0:18:50]} 11. Bxa6 {[%emt 0:21:13]} Rxa6 {[%emt 0:01:24]} 12. b4 {[%emt 0:00:30]} Qc7 {[%emt 0:04:24]} 13. O-O {[%emt 0:12:03]} Ra8 {[%emt 0:08:29]} 14. Nb3 {[%emt 0:02:25]} b6 {[%emt 0:13:00]} 15. Nbd4 {[%emt 0:16:00]} Nb8 {[%emt 0:00:33]} 16. cxb6 {[%emt 0:00:24]} Qxb6 {[%emt 0:01:20]} 17. b5 {[%emt 0:00:22]} Bd7 {[%emt 0:03:34]} 18. a4 {[%emt 0:01:03]} Be8 {[%emt 0:07:12]} 19. c4 {[%emt 0:04:22]} dxc4 {[%emt 0:07:04]} 20. Qxc4 {[%emt 0:00:26]} Bf7 {[%emt 0:00:22]} 21. Be3 {[%emt 0:03:08]} Qb7 {[%emt 0:01:17]} 22. Rac1 {[%emt 0:00:41]} Ba3 {[%emt 0:11:15]} 23. Rc2 {[%emt 0:01:43]} Nd7 {[%emt 0:00:06]} 24. Nc6 {[%emt 0:01:43]} Nb6 {[%emt 0:04:27]} 25. Bxb6 {[%emt 0:01:55]} Qxb6 {[%emt 0:00:07]} 26. Ng5 {[%emt 0:00:14]} Rfe8 {[%emt 0:01:12]} 27. Rd1 {[%emt 0:01:12]} h6 {[%emt 0:04:52]} 28. Nxf7 {[%emt 0:00:08]} Kxf7 {[%emt 0:00:06]} 29. Rd7+ {[%emt 0:01:25]} Kg8 {[%emt 0:00:15]} 30. Rc3 {[%emt 0:01:04]} Bf8 {[%emt 0:00:35]} 31. Rg3 {[%emt 0:00:08]} Kh8 {[%emt 0:02:44]} 32. Rg6 {[%emt 0:00:39]} Rac8 {[%emt 0:03:05]} 33. Rxe6 {[%emt 0:00:45]} Rxe6 {[%emt 0:01:01]} 34. Qxe6 {[%emt 0:00:04]} Qc5 {[%emt 0:01:03]} 35. Qxf5 {[%emt 0:00:30]} Re8 {[%emt 0:01:14]} 36. Rf7 {[%emt 0:00:18]} Kg8 {[%emt 0:00:54]} 37. Qg6 {[%emt 0:01:18]} Qc1+ {[%emt 0:00:30]} 38. Kh2 {[%emt 0:00:05]} Ra8 {[%emt 0:00:25]} 39. b6 {[%emt 0:01:37]} Qb2 {[%emt 0:00:30]} 40. b7 {[%emt 0:00:13]} Rb8 {[%emt 0:00:51]} 41. Nxb8 {[%emt 0:01:15]} Qxe5+ {[%emt 0:00:06]} 42. f4 {[%emt 0:00:39]} Qxb8 {[%emt 0:00:07]} 43. Qe6 {[%emt 0:00:05]} Kh8 {[%emt 0:00:49]} 44. Qc8 {[%emt 0:00:07]} 1-0

[Event "ESP-chT Primera Division 2019"]
[Site "Linares"]
[Date "2019.08.30"]
[Round "5.19"]
[White "Cori, Jorge"]
[Black "Andersen, Mads"]
[Result "1/2-1/2"]
[WhiteElo "2686"]
[BlackElo "2603"]
[Annotator "TA"]
[PlyCount "69"]
[EventDate "2019.08.26"]
[EventType "team-tourn"]
[EventCountry "ESP"]
[SourceTitle "playchess.com"]
[Source "ChessBase"]
[SourceQuality "1"]

{[%evp 18,69,3,0,4,0,-7,-16,-15,0,0,0,0,0,0,0,11,0,13,13,14,17,29,22,26,16,23,23,10,21,41,15,31,6,79,47,46,45,51,35,65,66,58,0,20,26,25,29,41,0,13,0,33,0]} 1. Nf3 Nf6 2. c4 c5 3. g3 d5 4. cxd5 Nxd5 5. Bg2 Nc6 6. Nc3 Nxc3 7. bxc3 e5 8. O-O Be7 9. d3 O-O 10. Rb1 Rb8 {A22: English Opening: 1...e5 2 Nc3 Nf6} (10... Qc7 11. Qc2 Bf5 12. Nd2 Rab8 13. Nc4 b5 14. Ne3 Be6 15. Nd5 Qd7 16. e4 Bd6 17. Be3 f5 18. exf5 Bxf5 19. Be4 Kh8 20. Rfe1 Ne7 21. Nxe7 Bxe7 {½-½ (21) Akopian,V (2650)-Tari,A (2620) St Petersburg 2018}) 11. c4 Be6 12. Bb2 f6 {The position is equal.} 13. Bc3 $146 ({Predecessor:} 13. Nd2 Qa5 14. Qc2 Qc7 15. a3 Nd4 16. Bxd4 exd4 17. Nb3 Bd6 18. Nd2 {0-1 (46) Gibbs,G (1806)-Dozsa,P (2265) Melbourne 2001}) 13... Qc7 14. Nd2 Qd7 15. Re1 b6 16. Nf1 Bd6 17. Ne3 Ne7 18. a4 {[%cal Ba2a4,Ba4a5,Ba5a6][%mdl 32]} h5 19. a5 b5 20. cxb5 Rxb5 21. a6 Rfb8 22. Bb7 Rxb1 23. Qxb1 Nc6 24. Qa1 Nb4 25. Rc1 Qb5 (25... h4 $11) 26. Bd2 (26. Nc4 $5 {[%cal Rc4d6]} Bf8 27. Bd2 $11) 26... Be7 27. h4 Rd8 28. Bc3 Rd6 29. Nc4 Rd8 30. Ne3 ({Better is} 30. Na5 $14) 30... Kf7 31. Be1 Rd6 32. Nc4 Rd8 33. Ne3 Rd6 34. Nc4 Rd8 35. Ne3 {Accuracy: White = 56%, Black = 50%.} 1/2-1/2

[Event "ESP-chT Primera Division 2019"]
[Site "Linares"]
[Date "2019.08.30"]
[Round "5.20"]
[White "Salgado Lopez, Ivan"]
[Black "Shirov, Alexei"]
[Result "1/2-1/2"]
[WhiteElo "2596"]
[BlackElo "2658"]
[Annotator "TA"]
[PlyCount "19"]
[EventDate "2019.08.26"]
[EventType "team-tourn"]
[EventCountry "ESP"]
[SourceTitle "playchess.com"]
[Source "ChessBase"]
[SourceQuality "1"]

{[%evp 18,19,14,0]} 1. d4 Nf6 2. c4 c6 3. Nf3 d5 4. cxd5 cxd5 5. Nc3 Nc6 6. Bf4 Nh5 $146 ({Predecessor:} 6... Bf5 7. e3 e6 8. Bd3 Bxd3 9. Qxd3 Bd6 10. Bxd6 Qxd6 11. O-O O-O {½-½ (11) Dreev,A (2670)-Mamedyarov,S (2817) St Petersburg 2018}) 7. Bd2 Nf6 8. Bf4 Nh5 9. Bd2 Nf6 10. Bf4 1/2-1/2

[Event "ESP-chT Primera Division 2019"]
[Site "Linares"]
[Date "2019.08.30"]
[Round "5.21"]
[White "Henderson de La Fuente, Lance"]
[Black "Martins, David Pires Tavares"]
[Result "1/2-1/2"]
[WhiteElo "2487"]
[BlackElo "2427"]
[Annotator "TA"]
[PlyCount "154"]
[EventDate "2019.08.26"]
[EventType "team-tourn"]
[EventCountry "ESP"]
[SourceTitle "playchess.com"]
[Source "ChessBase"]
[SourceQuality "1"]

{[%evp 28,154,22,31,35,36,33,33,30,39,36,45,44,30,97,102,58,0,0,0,0,0,0,0,0,0,-6,-12,-10,-10,-9,-20,0,-9,0,0,0,0,0,-2,0,0,10,12,12,4,13,12,12,10,13,14,14,9,9,8,8,0,0,0,0,0,0,0,0,0,0,0,12,0,0,0,0,0,0,0,0,0,0,-8,-8,-8,-8,-8,-8,-88,-8,-5559,-5422,-5081,-2308,-1506,-8,-8,-8,-8,-8,-8,-8,-8,-8,-8,-8,-8,-8,-8,-8,-8,-8,-8,-8,-8,-8,-8,0,0,0,-8,0,0,0,0,0,-8,-8,-8,-8,-8,-8]} 1. e4 e6 2. d4 d5 3. Nd2 Nf6 4. e5 Nfd7 5. Bd3 c5 6. c3 Nc6 7. Ne2 cxd4 8. cxd4 f6 9. Nf4 Nxd4 10. Qh5+ Ke7 11. exf6+ Nxf6 12. Ng6+ hxg6 13. Qxh8 Kf7 14. O-O e5 15. Nb3 Nxb3 {C06: French Tarrasch: 3...Nf6 4 e5 Nfd7 5 Bd3 main lines} 16. axb3 Be6 (16... Bf5 17. Bxf5 gxf5 18. Bg5 Bc5 19. Qh3 Qd7 20. Bxf6 Kxf6 21. Rfe1 Re8 22. Qh4+ Kf7 23. Qh5+ {1-0 (47) Aravindh,C (2617)-Gallego Alcaraz,A (2461) Moscow 2018}) 17. Bg5 e4 {White is slightly better.} 18. Be2 Qb6 19. Rac1 Rd8 20. Qh4 Qxb3 (20... Be7 $11) 21. Bxf6 $16 gxf6 22. Bg4 $146 ({White should try} 22. Qh7+ $14 Bg7 23. Rc7+ Rd7 24. Rxd7+ (24. Rc8 f5 $14) 24... Bxd7 25. h4) ({Predecessor:} 22. Rc7+ Rd7 23. Qh7+ {1-0 (46) Janisch,M (2335)-Laine,J (2251) ICCF email 2015}) 22... Bxg4 $11 23. Qxg4 Qb6 24. Rc2 Bd6 25. Rfc1 e3 26. Kh1 exf2 27. Qf3 Be5 28. Rxf2 Kg7 29. g3 a5 {[%cal Ba7a5,Ba5a4][%mdl 32]} 30. Kg2 Qb4 31. Rd1 d4 32. Rd3 a4 33. h4 Qb5 34. Rc2 Qd5 35. Qxd5 Rxd5 {[%mdl 4096] Endgame KRR-KRB} 36. Rc4 Rb5 37. Rxa4 Rxb2+ 38. Kf3 Kf7 39. Raa3 Rc2 40. Rab3 Ke6 41. Rxb7 Kd5 42. Rb1 Kc4 43. Rbd1 f5 44. R1d2 Rc1 45. Rd1 Rc2 46. R1d2 Rc3 (46... Rc1 {with more complications.}) 47. Ke2 Rc1 48. Rd1 Rxd1 49. Rxd1 Bxg3 {KR-KB} 50. Rc1+ Kd5 51. Rg1 f4 52. Kd3 $1 Ke5 53. Rg2 Kf5 54. Kxd4 Bxh4 {Strongly threatening ...f3.} 55. Ra2 g5 {Threatens to win with ...Kg4.} 56. Kd3 {[#]} (56. Ra1 $1 $11) 56... f3 (56... Kg4 $1 $17 57. Ke2 f3+ 58. Kf1 Kg3) 57. Ra4 $2 {[%mdl 8192] [#]} (57. Ke3 $11) 57... Bf2 $1 $19 58. Ra8 Kg4 59. Rf8 Bg1 $2 (59... Ba7 $19 60. Rf7 Bb6) 60. Ke4 $11 {The position is equal.} f2 61. Rf3 Kh4 62. Kd3 g4 63. Rf7 Kh3 64. Ke2 Kg2 65. Rf8 g3 66. Rf7 $1 Kh1 67. Rb7 Bh2 {aiming for ...g2.} 68. Rg7 Kg1 {( -> ...g2)} 69. Rf7 Kg2 70. Rf8 Bg1 71. Rf7 Bh2 72. Rf8 Bg1 73. Rf7 $1 Kh1 74. Rh7+ Bh2 (74... Kg2 $5 75. Rf7 $8 $11) 75. Rg7 g2 (75... Kg2 $5 76. Rf7 $8 Kh3 $11) 76. Kxf2 g1=Q+ 77. Rxg1+ Bxg1+ {Accuracy: White = 68%, Black = 66%.} 1/2-1/2